000 00482nam a2200169Ia 4500
005 20250507125956.0
008 008 250505s9999 xx 000 0 eng d
037 _aBound Volumes
040 _aEASL
_beng
_cEASL
041 _aeng
_2eng
084 _qEASL
245 0 _aArms Control and Disarmament
260 _aUSA
_bWashington Library of Congress, Arms Control Disarmament Bibliography Section
_c0000
490 _v6
942 _cCR
999 _c1315840
_d1315840